Krakonoš v literatuře

Bibliographic Details
Main Author: Novotná, Ivana (Author)
Format: Article
Language:Czech
Subjects:

MARC

LEADER 00000naa a2200000 ar4500
001 vtls009308212
003 SK-MaSNL
005 20260302140512.0
008 080701|2008 xo g||||| 100 1|cze
015 |a SNBRA2008/06  |2 svkbbbg 
038 |a SNKBUCL 
038 |a SVKBBBG 
040 |a SVKBBBG  |b slo  |c SVKBBBG  |e AACR2 
041 1 |a cze 
044 |a xo  |c SK 
072 7 |a 39  |x Etnológia. Etnografia. Folklór  |2 konspekt 
072 7 |a 82  |x Literatúra. Literárny život  |2 konspekt 
080 |a 39  |2 2001 
080 |a 82  |2 2001 
100 1 |a Novotná, Ivana  |4 aut.  |9 313018 
245 1 0 |a Krakonoš v literatuře  |c Ivana Novotná 
504 |a Bibliogr. odkazy 
650 0 7 |a etnografia  |2 svkbbbg  |9 950 
650 0 7 |a literatúra  |2 svkbbbg  |9 1427 
773 0 |t Sdružení knihoven České republiky  |d Brno : Sdružení knihoven ČR, 2008  |g S. 88-97  |z 9788086249452 
852 |a SVKBB  |b KIS3GCP 
958 |a NB 
999 |c 1331021  |d 1332951